书目信息 |
| 题名: |
欧洲文论简史
|
|
| 作者: | 伍蠡甫 著 | |
| 分册: | ||
| 出版信息: | 北京 人民文学出版社 1985 |
|
| 页数: | 397页 | |
| 开本: | 19cm | |
| 丛书名: | ||
| 单 册: | ||
| 中图分类: | I500.6 | |
| 科图分类: | ||
| 主题词: | 文学批评史--欧洲 | |
| 电子资源: | ||
| ISBN: | ||
| 000 | 00657nam0 2200229 45 | |
| 001 | 0185009393 | |
| 005 | 20051108165708.46 | |
| 010 | @dCNY2.35 | |
| 091 | @a10019.3791 | |
| 100 | @a19901105d1985 kemy0chiy0121 ea | |
| 101 | 0 | @achi |
| 102 | @aCN@b110000 | |
| 105 | @ay zr 000zy | |
| 200 | 10 | @a欧洲文论简史@Aou zhou wen lun jian shi@e古希腊罗马至十九世纪末@f伍蠡甫著@Fwu li fu zhu |
| 210 | @a北京@c人民文学出版社@d1985 | |
| 215 | @a397页@d19cm | |
| 606 | @a文学批评史@y欧洲 | |
| 690 | @aI500.6@v3 | |
| 701 | 0 | @a伍蠡甫@Awu li fu@4著 |
| 801 | 2 | @aCN@bNLC@c20051108 |
| 801 | 0 | @aCN@b深圳图书馆@c20040414 |
| 905 | @f1@b133265@dI500.6@e5@b133269-270@f2 | |
| 欧洲文论简史:古希腊罗马至十九世纪末/伍蠡甫著.-北京:人民文学出版社,1985 |
| 397页;19cm |
| ISBN :CNY2.35 |
| ● |
| 相关链接 |
|
|
|
|
正题名:欧洲文论简史
索取号:I500.6/5
 
预约/预借
| 序号 | 登录号 | 条形码 | 馆藏地/架位号 | 状态 | 备注 |
| 1 | 0133264 | 202142234 | 密集书库/ [索取号:I500.6/5] | 在馆 | |
| 2 | 0133265 | 000316946 | 第二借阅区/ [索取号:I500.6/5] | 在馆 | |
| 3 | 0133266 | 202142207 | 密集书库/ [索取号:I500.6/5] | 在馆 | |
| 4 | 0133267 | 202142163 | 密集书库/ [索取号:I500.6/5] | 在馆 | |
| 5 | 0133268 | 202142172 | 密集书库/ [索取号:I500.6/5] | 在馆 | |
| 6 | 0133269 | 000316866 | 第二借阅区/ [索取号:I500.6/5] | 在馆 | |
| 7 | 0133270 | 000316900 | 第二借阅区/ [索取号:I500.6/5] | 在馆 | |
| 8 | 0133271 | 202142225 | 密集书库/ [索取号:I500.6/5] | 在馆 | |
| 9 | 0133273 | 202115111 | 第一样本阅览室/ [索取号:I500.6/5] | 在馆 |